Oxford handbook of legal correspondence
Provides the information for writing legal correspondence, including emails, letters, faxes, memos, file notes, and CVs. This work includes: case studies modelled on real correspondence, and topics covering common and internationally relevant areas of legal practice. It is suitable for use in class,...
Enregistré dans:
| Auteur principal: | |
|---|---|
| Format: | Livre |
| Langue: | Undetermined |
| Publié: |
Oxford
Oxford University Press
2006
|
| Sujets: | |
| Tags: |
Ajouter un tag
Pas de tags, Soyez le premier à ajouter un tag!
|
| Thư viện lưu trữ: | Trung tâm Học liệu Trường Đại học Cần Thơ |
|---|
| LEADER | 01004nam a2200217Ia 4500 | ||
|---|---|---|---|
| 001 | CTU_132807 | ||
| 008 | 210402s9999 xx 000 0 und d | ||
| 020 | |c 289000 | ||
| 082 | |a 808.06634 | ||
| 082 | |b H149 | ||
| 100 | |a Haigh, Rupert | ||
| 245 | 0 | |a Oxford handbook of legal correspondence | |
| 245 | 0 | |c Rupert Haigh | |
| 260 | |a Oxford | ||
| 260 | |b Oxford University Press | ||
| 260 | |c 2006 | ||
| 520 | |a Provides the information for writing legal correspondence, including emails, letters, faxes, memos, file notes, and CVs. This work includes: case studies modelled on real correspondence, and topics covering common and internationally relevant areas of legal practice. It is suitable for use in class, the office, or at home. | ||
| 650 | |a Legal correspondence,Communication in law,Luật thư từ,Thông tin trong luật | ||
| 650 | |z Great Britain,Great Britain,Nước Anh,Nước Anh | ||
| 904 | |i Trong Hải | ||
| 980 | |a Trung tâm Học liệu Trường Đại học Cần Thơ | ||